Statistics for Top 10 Countries By Religion: Baháʼí Faith

Click here to take the quiz!

General Stats

  • This quiz has been taken 106 times
  • The average score is 5 of 17

Answer Stats

TypeRankCountryAmount% Correct
Total2United States512,000
94%
Total1India1,897,000
90%
Total7Iran251,000
81%
Total9South Africa238,000
45%
Total3Kenya422,000
41%
Total5Democratic Republic of the Congo282,000
29%
Total6Philippines275,000
28%
Total4Vietnam388,000
24%
Percent3Mauritius1.8%
19%
Total8Zambia241,000
17%
Percent7Trinidad and Tobago1.2%
14%
Percent5Guyana1.6%
12%
Percent6Vanuatu1.4%
12%
Percent1Belize2.5%
11%
Total10Bolivia215,000
11%
Percent7Panama1.2%
10%
Percent7Barbados1.2%
9%

Score Distribution

Percentile by Number Answered

Percent of People with Each Score

Your Score History

You have not taken this quiz